Вып. 4 : Материалы по геологии восточной окраины Чулымо-Енисейского буроугольного бассейна; Материалы по геологии Красноярского края

Bibliographic Details
Parent link:Материалы по геологии Красноярского края=Records of the Geology of the Krasnojarsky region/ Западно-Сибирский геологический трест. Вып. 4 : Материалы по геологии восточной окраины Чулымо-Енисейского буроугольного бассейна.— , 1937-
Main Author: Нагорский М. П. Михаил Петрович
Other Authors: Шахов Ф. Н. Феликс Николаевич (редактор)
Language:Russian
Published: 1938
Subjects:
Format: Book
KOHA link:https://koha.lib.tpu.ru/cgi-bin/koha/opac-detail.pl?biblionumber=31813

MARC

LEADER 00000nam2a2200000 4500
001 31813
005 20231101210047.0
035 |a (RuTPU)RU\TPU\book\32106 
035 |a BOOK00000061 
090 |a 31813 
100 |a 20011210d1938 k y0rusy50 ca 
101 0 |a rus 
102 |a RU 
105 |a a z 001zy 
200 0 |a Вып. 4 : Материалы по геологии восточной окраины Чулымо-Енисейского буроугольного бассейна  |f М. П. Нагорский  |g отв. ред. Ф. Н. Шахов 
210 |d 1938 
215 |a 52 с. 
316 |5 63413507: КР-2171  |a На обложке дарственная надпись: "Кафедре общей геологии Том. Индустр. и-та от автора» 
316 |5 63413507: КР-2171  |a На обложке печать Геологического кабинета Томского Индустриального Института 
317 |5 63413507: КР-1012  |a Поступила в НТБ в 2004 г. в составе книжного собрания профессора ТПИ К. В. Радугина. 
317 |5 63413507: КР-2171  |a Поступил в НТБ в 2004 г. в составе книжного собрания кафедры общей геологии 
320 |a Библиогр.: с. 52 
461 1 |0 (RuTPU)RU\TPU\book\254572  |t Материалы по геологии Красноярского края  |l Records of the Geology of the Krasnojarsky region  |f Западно-Сибирский геологический трест  |v Вып. 4 : Материалы по геологии восточной окраины Чулымо-Енисейского буроугольного бассейна  |d 1937- 
606 1 |a Геология  |y Красноярский край  |2 stltpush  |3 (RuTPU)RU\TPU\subj\67493  |9 83268 
610 1 |a буроугольные районы 
610 1 |a буроугольные месторождения 
610 1 |a геоморфология 
610 1 |a юрские отложения 
610 1 |a формации 
610 1 |a стратиграфия 
610 1 |a полезные ископаемые 
610 1 |a Библиотека К. В. Радугина 
610 1 |a Коллекция кафедры общей геологии 
610 1 |a Библиотека М. А. Усова 
610 1 |a дары автора 
610 1 |a дары библиотеке 
610 1 |a дарственные надписи 
675 |a 55(571.51)  |v 3 
700 1 |a Нагорский  |b М. П.  |c российский геолог  |f 1911-  |g Михаил Петрович  |2 stltpush  |3 (RuTPU)RU\TPU\pers\13876  |9 4380 
702 1 |a Шахов  |b Ф. Н.  |c российский геолог  |c профессор Томского политехнического института  |f 1894-1971  |g Феликс Николаевич  |2 stltpush  |3 (RuTPU)RU\TPU\pers\505  |4 340 
801 0 |a RU  |b 63413507  |c 20011210  |g PSBO 
801 2 |a RU  |b 63413507  |c 20220721  |g PSBO 
942 |c BK